[Event "British Columbia op"]
[Site "Richmond CAN"]
[Date "2019.02.17"]
[Round "4.2"]
[White "Nyamdorj, Davaa-Ochir"]
[Black "Sali, Zulfikar"]
[Result "0-1"]
[WhiteElo "2282"]
[BlackElo "2308"]
[PlyCount "136"]
[EventDate "2019.02.16"]
[EventType "swiss"]
[EventRounds "6"]
[EventCountry "CAN"]

1. e4 c5 2. Nf3 d6 3. Bb5+ Bd7 4. Bxd7+ Qxd7 5. d4 cxd4 6. Qxd4 Nc6 7. Qd3 g6
8. O-O Nf6 9. c4 Bg7 10. Nc3 O-O 11. h3 Rac8 12. Rb1 Qc7 13. b3 a6 14. Bb2 Rfd8
15. Nh2 e6 16. f4 Qa5 17. g4 b5 18. cxb5 Nb4 19. Qe2 axb5 20. a3 Qb6+ 21. Kg2
Nc6 22. g5 Nd4 23. Qe3 Nd7 24. Ne2 Rc2 25. Bxd4 Bxd4 26. Qd3 Rdc8 27. Kh1 Bg7
28. Rbc1 Rxc1 29. Rxc1 Rxc1+ 30. Nxc1 Qc6 31. Ne2 Nc5 32. Qc2 Qa8 33. Ng4 Qxa3
34. e5 dxe5 35. fxe5 Bxe5 36. Kg2 Qa8+ 37. Kg1 Qd5 38. b4 Bd4+ 39. Kh2 Qd6+ 40.
Kg2 Qc6+ 41. Kh2 Qd6+ 42. Kg2 Nd7 43. Qc8+ Kg7 44. Nh6 Qd5+ 45. Kh2 Qe5+ 46.
Ng3 Qxg5 47. Qh8+ Kxh6 48. Qxd4 Ne5 49. Kg2 Kg7 50. h4 Qf6 51. Qe4 h5 52. Qe2
Ng4 53. Kh3 Qf2 54. Nxh5+ gxh5 55. Qe5+ Qf6 56. Qe2 Qc3+ 57. Kg2 Qxb4 58. Kg3
Nf6 59. Qe5 Qg4+ 60. Kf2 Qxh4+ 61. Kg1 Qg4+ 62. Kh2 b4 63. Qb2 Qe4 64. Kg3 e5
65. Kh2 Qf4+ 66. Kh3 e4 67. Kg2 e3 68. Kh3 Qf1+ 0-1

[Event "British Columbia op"]
[Site "Richmond CAN"]
[Date "2019.02.17"]
[Round "4.3"]
[White "Mohammed Qanee, Arpak Worya"]
[Black "Hemstapat, Andrew"]
[Result "0-1"]
[WhiteElo "2231"]
[BlackElo "2208"]
[PlyCount "78"]
[EventDate "2019.02.16"]
[EventType "swiss"]
[EventRounds "6"]
[EventCountry "CAN"]

1. d4 Nf6 2. Bg5 Ne4 3. Bf4 d6 4. Nd2 Nf6 5. e4 Nc6 6. d5 e5 7. Be3 Ne7 8. f3
Ng6 9. c4 Be7 10. g3 Nh5 11. Qc2 O-O 12. Bd3 Bg5 13. Bf2 h6 14. O-O-O c5 15.
dxc6 bxc6 16. c5 d5 17. exd5 cxd5 18. Kb1 Qc7 19. Ne2 f5 20. f4 exf4 21. g4 Nf6
22. gxf5 Ng4 23. Bd4 Nh4 24. h3 Ne3 25. Bxe3 fxe3 26. Nb3 Bxf5 27. Nbd4 Bxd3
28. Qxd3 Rae8 29. Nb5 Qxc5 30. Rc1 Qb4 31. Qxd5+ Kh8 32. Nd6 Rb8 33. Rc2 Bf6
34. b3 Rbd8 35. Nf7+ Rxf7 36. Qxf7 Qe4 37. Rhc1 Nf3 38. a4 Rc8 39. Qd7 Nd2+ 0-1

[Event "British Columbia op"]
[Site "Richmond CAN"]
[Date "2019.02.17"]
[Round "4.4"]
[White "Sohal, Tanraj"]
[Black "Tian, Sherry"]
[Result "1-0"]
[WhiteElo "2370"]
[BlackElo "2049"]
[PlyCount "99"]
[EventDate "2019.02.16"]
[EventType "swiss"]
[EventRounds "6"]
[EventCountry "CAN"]

1. d4 d5 2. c4 e6 3. Nc3 Be7 4. Nf3 c6 5. e4 dxe4 6. Nxe4 Nf6 7. Bd3 Nbd7 8.
O-O Qc7 9. Qe2 O-O 10. Ng3 Re8 11. b3 b6 12. Bb2 Bb7 13. Rad1 Rad8 14. Rfe1 Nf8
15. Bc3 c5 16. dxc5 Qxc5 17. Ne5 Qc7 18. Nh5 Nxh5 19. Qxh5 Bf6 20. Qe2 Ng6 21.
Bxg6 hxg6 22. Rc1 Qe7 23. Ng4 Bxc3 24. Rxc3 Rd4 25. Rd3 Rxd3 26. Qxd3 Rd8 27.
Qe2 Qd6 28. Ne3 Qa3 29. h3 Kf8 30. Ng4 Qd6 31. Ne3 Qd2 32. Kf1 Be4 33. Kg1 Rd4
34. Qxd2 Rxd2 35. Nf1 Rd4 36. f3 Bc6 37. Kf2 Ke7 38. Ke3 e5 39. Rc1 Kd6 40. Nd2
Kc5 41. a3 Kd6 42. b4 f6 43. Nb3 Rh4 44. c5+ Kd5 45. Rd1+ Kc4 46. Nd2+ Kb5 47.
cxb6 axb6 48. Rc1 Bd5 49. Rc7 Rh7 50. Nb1 1-0

[Event "British Columbia op"]
[Site "Richmond CAN"]
[Date "2019.02.17"]
[Round "4.5"]
[White "Ferguson, Peter"]
[Black "Nunez Asencio, Jorge"]
[Result "0-1"]
[WhiteElo "2022"]
[BlackElo "2244"]
[PlyCount "66"]
[EventDate "2019.02.16"]
[EventType "swiss"]
[EventRounds "6"]
[EventCountry "CAN"]

1. e4 c5 2. Nf3 a6 3. d4 cxd4 4. Nxd4 Nf6 5. Bd3 e6 6. O-O Qc7 7. Kh1 Bc5 8. c3
Nc6 9. Be3 Ne5 10. f3 Nxd3 11. Qxd3 d5 12. Nd2 Bd7 13. Rfe1 Bd6 14. exd5 Bxh2
15. Nf5 Nxd5 16. Nxg7+ Kd8 17. Bg5+ Kc8 18. Nh5 Rg8 19. Bh4 Rg6 20. Qd4 b6 21.
Nc4 Kb7 22. Rad1 Rag8 23. g4 Bc6 24. Ne5 Bxe5 25. Rxe5 Ne7 26. Qe3 Rxg4 27. Bf2
R4g6 28. Rd6 Qxd6 29. Qxb6+ Kc8 30. Qxa6+ Kd7 31. Qe2 Bxf3+ 32. Qxf3 Qxe5 33.
Qb7+ Qc7 0-1

[Event "British Columbia op"]
[Site "Richmond CAN"]
[Date "2019.02.17"]
[Round "4.6"]
[White "Cheng, Louis"]
[Black "Roback, Joe"]
[Result "0-1"]
[WhiteElo "2064"]
[BlackElo "2027"]
[PlyCount "80"]
[EventDate "2019.02.16"]
[EventType "swiss"]
[EventRounds "6"]
[EventCountry "CAN"]

1. e4 c5 2. Nf3 e6 3. d4 cxd4 4. Nxd4 Nc6 5. Nc3 Qc7 6. g3 a6 7. Bg2 Nf6 8. O-O
Be7 9. a4 O-O 10. Be3 d6 11. Nxc6 bxc6 12. a5 Nd7 13. f4 Rb8 14. Ra2 d5 15. Qe2
Bb4 16. Rfa1 Re8 17. Qf2 Bb7 18. Nb1 Bd6 19. Nd2 c5 20. c3 Bf8 21. Rd1 Nf6 22.
Qe2 dxe4 23. c4 Red8 24. g4 Rd3 25. g5 Ng4 26. Qxg4 Rxe3 27. Nf1 Rd3 28. Re1
Rd4 29. Ra3 e3 30. Raxe3 Rxf4 31. Qe2 Bxg2 32. Kxg2 Qxa5 33. Ng3 Rd8 34. Nh5
Rf5 35. Qg4 Rd2+ 36. Kg1 Qd8 37. h4 Qd4 38. Qxd4 Rxd4 39. Ng3 Rff4 40. Re4 Rxc4
0-1

[Event "British Columbia op"]
[Site "Richmond CAN"]
[Date "2019.02.17"]
[Round "4.7"]
[White "Salcedo, Daniel E"]
[Black "Gibbard, Alina Iuliana"]
[Result "0-1"]
[WhiteElo "2016"]
[BlackElo "2054"]
[PlyCount "52"]
[EventDate "2019.02.16"]
[EventType "swiss"]
[EventRounds "6"]
[EventCountry "CAN"]

1. d4 g6 2. c4 Bg7 3. e4 c5 4. d5 b5 5. cxb5 a6 6. Qc2 Qb6 7. a4 axb5 8. Bxb5
Ba6 9. Bxa6 Nxa6 10. Ne2 Nf6 11. Nd2 Nb4 12. Qc4 O-O 13. O-O d6 14. Ra3 Nd7 15.
Nc3 Ne5 16. Qe2 Qa6 17. Qxa6 Rxa6 18. Nb5 Rc8 19. f4 Nd7 20. Nc4 Nc2 21. Ra2
Rb8 22. b3 Rxb5 23. Rxc2 Rxb3 24. a5 Bd4+ 25. Kh1 Nf6 26. Nd2 Rd3 0-1

[Event "British Columbia op"]
[Site "Richmond CAN"]
[Date "2019.02.17"]
[Round "4.8"]
[White "Oszvald, Joseph"]
[Black "Li, Kevin"]
[Result "1/2-1/2"]
[WhiteElo "2053"]
[BlackElo "1917"]
[PlyCount "85"]
[EventDate "2019.02.16"]
[EventType "swiss"]
[EventRounds "6"]
[EventCountry "CAN"]

1. Nc3 e6 2. e4 d5 3. g3 Nf6 4. Bg2 c5 5. d3 h6 6. Nge2 Be7 7. O-O O-O 8. h3
Nc6 9. g4 d4 10. Nb1 e5 11. f4 exf4 12. Bxf4 Bd6 13. Nd2 Bxf4 14. Rxf4 Ne5 15.
Qf1 Qe7 16. Ng3 b5 17. Rxf6 Qxf6 18. Qxf6 gxf6 19. Nh5 c4 20. dxc4 bxc4 21. Rf1
c3 22. bxc3 dxc3 23. Nb3 Be6 24. Rxf6 Bxb3 25. axb3 Rfd8 26. Rxh6 Rd1+ 27. Kh2
Rd2 28. Kg3 Rxc2 29. g5 Rxg2+ 30. Kxg2 c2 31. Nf6+ Kf8 32. Rh8+ Ke7 33. Rxa8
c1=Q 34. Nd5+ Kd6 35. Rd8+ Nd7 36. h4 Qc2+ 37. Kg3 Qxb3+ 38. Kg4 Qd1+ 39. Kf4
Qd2+ 40. Kg4 Qe2+ 41. Kf4 a5 42. h5 Qh2+ 43. Kg4 1/2-1/2

[Event "British Columbia op"]
[Site "Richmond CAN"]
[Date "2019.02.17"]
[Round "4.9"]
[White "Zheng, Maven"]
[Black "Lehingrat, Callum"]
[Result "0-1"]
[WhiteElo "1863"]
[BlackElo "2016"]
[PlyCount "140"]
[EventDate "2019.02.16"]
[EventType "swiss"]
[EventRounds "6"]
[EventCountry "CAN"]

1. d4 Nf6 2. c4 e6 3. Nf3 b6 4. Nc3 Bb7 5. Bg5 Bb4 6. e3 h6 7. Bh4 g5 8. Bg3
Ne4 9. Rc1 Bxc3+ 10. bxc3 d6 11. Bd3 f5 12. Qb3 Qe7 13. Rg1 Nd7 14. Nd2 Ndf6
15. f3 Nxg3 16. hxg3 O-O-O 17. Qa4 Kb8 18. Rb1 e5 19. Bxf5 exd4 20. e4 dxc3 21.
Nb3 Nxe4 22. Kd1 Nf2+ 23. Kc1 Qe3+ 24. Kc2 Qe2+ 25. Kc1 Nd3+ 26. Bxd3 Qxd3 27.
Rd1 Qe2 28. Nd4 Qxg2 29. Nb5 a6 30. Nxc3 Qxf3 31. Rb3 Qc6 32. Qb4 a5 33. Qb5
Rhf8 34. Re1 Rde8 35. Rg1 Rf3 36. Kb2 Ree3 37. g4 Qxb5 38. Nxb5 Rxb3+ 39. axb3
Rf4 40. Rg3 Bf3 41. Rh3 Bxg4 42. Rxh6 Bd7 43. Nc3 Bc6 44. Rg6 g4 45. Ka3 Rf3
46. Nb5 Bxb5 47. cxb5 g3 48. Rg7 Rf5 49. Ka4 Rf4+ 50. Ka3 Rb4 51. Rxg3 Rxb5 52.
Rg4 Kb7 53. Kb2 Rb4 54. Rg5 a4 55. Ka3 Rxb3+ 56. Kxa4 Rb1 57. Rh5 c5 58. Rg5
Kc6 59. Rh5 b5+ 60. Ka3 c4 61. Ka2 Rb3 62. Rg5 d5 63. Rg4 Kc5 64. Rh4 d4 65.
Rh5+ Kb4 66. Rh4 d3 67. Rd4 Kc3 68. Rd8 Kc2 69. Rd7 b4 70. Rd4 Ra3# 0-1

[Event "British Columbia op"]
[Site "Richmond CAN"]
[Date "2019.02.17"]
[Round "4.10"]
[White "Tang, Edward"]
[Black "Patterson, Roger"]
[Result "1/2-1/2"]
[WhiteElo "2013"]
[BlackElo "2001"]
[PlyCount "104"]
[EventDate "2019.02.16"]
[EventType "swiss"]
[EventRounds "6"]
[EventCountry "CAN"]

1. d4 d5 2. c4 e6 3. Nc3 c5 4. cxd5 exd5 5. Nf3 Nc6 6. g3 Nf6 7. Bg2 Be7 8. O-O
O-O 9. Bg5 cxd4 10. Nxd4 h6 11. Be3 Re8 12. Rc1 Bf8 13. Na4 Bd7 14. Nc5 Bxc5
15. Rxc5 Qe7 16. Nxc6 Bxc6 17. Qd4 Ne4 18. Rc2 Qe6 19. Rd1 f5 20. Qd3 a6 21.
Bd4 Rad8 22. Bh3 Rf8 23. f3 Ng5 24. Bg2 Qf7 25. e3 Qh5 26. Rf2 Nh3+ 27. Bxh3
Qxh3 28. a4 Bxa4 29. Bxg7 Rf7 30. Bf6 Rxf6 31. Qd4 Re6 32. Qxa4 Rxe3 33. Qa5
Rd7 34. Rxd5 b6 35. Qd2 Rde7 36. Rd8+ Kh7 37. Rd7 f4 38. Qc2+ Kg7 39. Rxe7+
Rxe7 40. Qc3+ Kf8 41. gxf4 Rg7+ 42. Kh1 Qf5 43. Qb4+ Kg8 44. Qc4+ Kh8 45. Qxa6
Qxf4 46. Qa8+ Rg8 47. Qc6 Qg5 48. Qc3+ Rg7 49. Qc8+ Rg8 50. Qc3+ Rg7 51. Qc8+
Rg8 52. Qc3+ Rg7 1/2-1/2

[Event "British Columbia op"]
[Site "Richmond CAN"]
[Date "2019.02.18"]
[Round "5.1"]
[White "Morozov, Grigory"]
[Black "Hemstapat, Andrew"]
[Result "1-0"]
[WhiteElo "2377"]
[BlackElo "2208"]
[PlyCount "73"]
[EventDate "2019.02.16"]
[EventType "swiss"]
[EventRounds "6"]
[EventCountry "CAN"]

1. d4 Nf6 2. c4 g6 3. Nc3 Bg7 4. e4 d6 5. f3 O-O 6. Be3 c5 7. dxc5 dxc5 8. Qxd8
Rxd8 9. Bxc5 Nc6 10. Rd1 Nd7 11. Ba3 Bxc3+ 12. bxc3 b6 13. Ne2 Ba6 14. Nd4 Nde5
15. Nb5 Rxd1+ 16. Kxd1 Rd8+ 17. Kc2 Na5 18. Bxe7 Rd7 19. Bg5 Nexc4 20. a4 Kg7
21. Bf4 Bxb5 22. axb5 f6 23. Bxc4 Nxc4 24. Ra1 g5 25. Bb8 Rd2+ 26. Kb3 Na5+ 27.
Rxa5 bxa5 28. Bxa7 a4+ 29. Ka3 Rc2 30. b6 Rxc3+ 31. Kxa4 Rc1 32. b7 Ra1+ 33.
Kb5 Rxa7 34. b8=Q Re7 35. Kc5 Re5+ 36. Kd6 h5 37. Qb2 1-0

[Event "British Columbia op"]
[Site "Richmond CAN"]
[Date "2019.02.18"]
[Round "5.2"]
[White "Sali, Zulfikar"]
[Black "Kaufman, Raymond"]
[Result "0-1"]
[WhiteElo "2308"]
[BlackElo "2356"]
[PlyCount "150"]
[EventDate "2019.02.16"]
[EventType "swiss"]
[EventRounds "6"]
[EventCountry "CAN"]

1. e4 c5 2. Nf3 Nc6 3. g3 Nf6 4. d3 d5 5. exd5 Nxd5 6. Bg2 g6 7. O-O Bg7 8. h3
O-O 9. Re1 b6 10. Nbd2 Bb7 11. Ne4 Qd7 12. h4 h5 13. a3 Rfd8 14. Rb1 Rac8 15.
Neg5 Nd4 16. c4 Nc7 17. Ne5 Bxe5 18. Bxb7 Rb8 19. Bg2 Bg7 20. b4 Nde6 21. Bh3
Qxd3 22. Qxd3 Rxd3 23. Nxe6 Nxe6 24. Bxe6 fxe6 25. bxc5 Bc3 26. Bf4 Rbd8 27.
Rxe6 Kf7 28. Re3 bxc5 29. Rb7 Bf6 30. Rxa7 R3d7 31. Ra5 Rd4 32. Bc7 Rc8 33.
Rxc5 Rd1+ 34. Kg2 Bd4 35. Rf3+ Ke8 36. Rc6 Kd7 37. Rxg6 Rxc7 38. Rg5 Rxc4 39.
Rxh5 Rc2 40. Rh7 Rdd2 41. Rhf7 Kd6 42. g4 e5 43. R3f6+ Kd5 44. Rf5 Ke4 45. h5
Be3 46. Rf3 Bf4 47. Rb7 Rc1 48. Rfb3 Rcc2 49. Rf3 Rc4 50. Rg7 Rc1 51. Rb7 Rg1+
52. Kxg1 Kxf3 53. Rb3+ Kxg4 54. Kg2 Kxh5 55. Kf3 Kg5 56. a4 Ra2 57. Rb4 Kf5 58.
Rb5 Rxa4 59. Rc5 Ra3+ 60. Kg2 Kg4 61. Rc4 Ra2 62. Rb4 Kf5 63. Rb3 e4 64. Kf1
Kg4 65. Ke1 Be5 66. Re3 Kf4 67. Rh3 Bd4 68. Rh2 Kf3 69. Rh3+ Kg2 70. Rg3+ Kh2
71. Rg4 Bxf2+ 72. Kf1 e3 73. Rg6 Kh3 74. Rg8 Bh4 75. Re8 e2+ 0-1

[Event "British Columbia op"]
[Site "Richmond CAN"]
[Date "2019.02.18"]
[Round "5.3"]
[White "Roback, Joe"]
[Black "Sohal, Tanraj"]
[Result "0-1"]
[WhiteElo "2027"]
[BlackElo "2370"]
[PlyCount "116"]
[EventDate "2019.02.16"]
[EventType "swiss"]
[EventRounds "6"]
[EventCountry "CAN"]

1. e4 c5 2. Nf3 e6 3. d4 cxd4 4. Nxd4 Nf6 5. Nc3 Nc6 6. Ndb5 Bc5 7. Nd6+ Ke7 8.
Bf4 e5 9. Nf5+ Kf8 10. Bg5 d6 11. Ne3 Be6 12. Be2 h6 13. Bxf6 Qxf6 14. Ncd5 Qg5
15. O-O Rc8 16. c3 a6 17. Kh1 Kg8 18. b4 Bxe3 19. Nxe3 Kh7 20. a4 Rhd8 21. Qd3
a5 22. b5 Ne7 23. Rfd1 Rc5 24. b6 Qf6 25. Kg1 g6 26. Rab1 Nc8 27. Rb5 Rc6 28.
Rdb1 Qe7 29. c4 Rc5 30. Qd2 Rxb5 31. Rxb5 Qf6 32. Qxa5 Ne7 33. Qd2 Nc6 34. Rb1
Ra8 35. Ra1 Qd8 36. a5 Nd4 37. Bd1 Qc8 38. Qb4 Qc5 39. Qa4 Nc6 40. Qc2 Rxa5 41.
Rb1 Nd4 42. Qb2 Kg7 43. h3 Qc6 44. Qb4 Rc5 45. Ba4 Qxe4 46. Re1 Qh4 47. Bd1 Qg5
48. Kh1 h5 49. Qa4 Qd8 50. Qa7 Rc6 51. Qxb7 Qxb6 52. Qe7 Rc8 53. Bxh5 gxh5 54.
Qg5+ Kf8 55. f4 Qd8 56. Qh6+ Ke7 57. fxe5 dxe5 58. Qxh5 Qh8 0-1

[Event "British Columbia op"]
[Site "Richmond CAN"]
[Date "2019.02.18"]
[Round "5.4"]
[White "Nunez Asencio, Jorge"]
[Black "Nyamdorj, Davaa-Ochir"]
[Result "0-1"]
[WhiteElo "2244"]
[BlackElo "2282"]
[PlyCount "118"]
[EventDate "2019.02.16"]
[EventType "swiss"]
[EventRounds "6"]
[EventCountry "CAN"]

1. d4 d5 2. Nf3 Nf6 3. c4 e6 4. Nc3 Be7 5. Bf4 O-O 6. e3 Nbd7 7. c5 c6 8. h3 b6
9. b4 a5 10. a3 h6 11. Bd3 Ba6 12. Bxa6 Rxa6 13. b5 cxb5 14. c6 Qc8 15. c7 Bxa3
16. Nxb5 Bb4+ 17. Ke2 Ra8 18. Qa4 Ne4 19. Rhc1 f6 20. Rc2 e5 21. Bh2 Qe8 22.
Kf1 Ndc5 23. dxc5 Nxc5 24. Rxc5 bxc5 25. Nd6 Qxa4 26. Rxa4 c4 27. c8=Q Rfxc8
28. Nxc8 Rxc8 29. Ra2 Rd8 30. Bxe5 fxe5 31. Nxe5 Rd6 32. Ke2 Bc3 33. Nf3 Rb6
34. Kd1 Kf7 35. Kc2 Rb3 36. Nd2 Bxd2 37. Kxd2 Ke6 38. Rxa5 Rb2+ 39. Ke1 Ke5 40.
Rc5 Ke4 41. h4 h5 42. Ra5 d4 43. exd4 Kd3 44. Ra1 c3 45. Rd1+ Kc2 46. Ke2 Rb8
47. Rh1 Re8+ 48. Kf3 Kd2 49. Kf4 c2 50. Kg5 Rd8 51. f3 Rxd4 52. g4 hxg4 53.
fxg4 c1=Q 54. Rxc1 Kxc1 55. h5 Kd2 56. Kf5 Ke3 57. g5 Rd6 58. h6 gxh6 59. g6 h5
0-1

[Event "British Columbia op"]
[Site "Richmond CAN"]
[Date "2019.02.18"]
[Round "5.5"]
[White "Kenney, Jason"]
[Black "Gibbard, Alina Iuliana"]
[Result "1-0"]
[WhiteElo "2253"]
[BlackElo "2054"]
[PlyCount "117"]
[EventDate "2019.02.16"]
[EventType "swiss"]
[EventRounds "6"]
[EventCountry "CAN"]

1. e4 b6 2. d4 Bb7 3. Bd3 Nf6 4. Qe2 e6 5. Nf3 Be7 6. O-O Nc6 7. e5 Ng8 8. c4
d5 9. cxd5 Qxd5 10. Be3 Nb4 11. Bb5+ Kf8 12. a3 Nc6 13. Nc3 Qd8 14. Rfd1 Nb8
15. Rac1 c6 16. Bd3 g5 17. h3 h5 18. Ne4 g4 19. hxg4 hxg4 20. Nh2 Nh6 21. Bxh6+
Rxh6 22. Nxg4 Rh4 23. Nef6 Nd7 24. Qf3 Nxf6 25. exf6 Bd6 26. Be4 Rc8 27. g3
Rxg4 28. Qxg4 Qxf6 29. Rc3 Ke7 30. Qf3 Qh6 31. Bxc6 Ba6 32. Bb7 Rxc3 33. bxc3
Bc4 34. d5 e5 35. Qe4 b5 36. Bc6 Qh5 37. Qh4+ Qxh4 38. gxh4 Bxa3 39. Rb1 a6 40.
Ra1 b4 41. cxb4 Bxb4 42. Rc1 Bd3 43. Bb7 Bd6 44. Ra1 Bc4 45. Ra5 Bb5 46. Ra1
Bc4 47. h5 e4 48. Ra4 Bb5 49. Rxe4+ Kf6 50. Rg4 Be2 51. Rh4 Kg5 52. Ra4 Kxh5
53. Bxa6 Bf3 54. Bf1 Kg5 55. Ra6 Bf8 56. d6 Kf6 57. Bh3 Ke5 58. d7 Be7 59. Rh6
1-0

[Event "British Columbia op"]
[Site "Richmond CAN"]
[Date "2019.02.18"]
[Round "5.6"]
[White "Lehingrat, Callum"]
[Black "Oszvald, Joseph"]
[Result "1-0"]
[WhiteElo "2016"]
[BlackElo "2053"]
[PlyCount "103"]
[EventDate "2019.02.16"]
[EventType "swiss"]
[EventRounds "6"]
[EventCountry "CAN"]

1. d4 c5 2. d5 g6 3. c4 Bg7 4. Nc3 d6 5. e4 e5 6. g3 Na6 7. Bg2 Ne7 8. Nge2 Rb8
9. O-O Bg4 10. h3 Bd7 11. Be3 b5 12. cxb5 Bxb5 13. Nxb5 Rxb5 14. Qd2 O-O 15.
Nc3 Rb7 16. Rae1 Qa5 17. b3 f5 18. Nb1 Qb4 19. Qe2 Nc7 20. Bd2 Qb6 21. Qc4 Nb5
22. Nc3 Nd4 23. Ne2 a6 24. Nxd4 cxd4 25. f4 Rc8 26. Qd3 Rbc7 27. Rc1 Rc2 28.
Rxc2 Rxc2 29. Qxc2 d3+ 30. Be3 Qxe3+ 31. Qf2 exf4 32. gxf4 Bd4 33. Qxe3 Bxe3+
34. Kh2 h6 35. exf5 gxf5 36. Kg3 Ng6 37. b4 d2 38. Rd1 Bxf4+ 39. Kf2 Bg5 40.
Bf1 Kg7 41. Bxa6 Nf4 42. Bc4 Nxh3+ 43. Kf3 Kg6 44. b5 Bd8 45. Rxd2 Ng5+ 46. Kf4
Ne4 47. Rc2 Bg5+ 48. Kf3 Nd2+ 49. Kg2 Ne4 50. b6 Nc5 51. Rb2 Na4 52. Rb4 1-0

[Event "British Columbia op"]
[Site "Richmond CAN"]
[Date "2019.02.18"]
[Round "5.7"]
[White "Patterson, Roger"]
[Black "Mohammed Qanee, Arpak Worya"]
[Result "1/2-1/2"]
[WhiteElo "2001"]
[BlackElo "2231"]
[PlyCount "49"]
[EventDate "2019.02.16"]
[EventType "swiss"]
[EventRounds "6"]
[EventCountry "CAN"]

1. c4 e5 2. Nc3 Nf6 3. g3 Bb4 4. Bg2 O-O 5. e4 d6 6. Nge2 a6 7. O-O Nc6 8. d3
Bc5 9. a3 Be6 10. b4 Ba7 11. Nd5 Bxd5 12. cxd5 Nd4 13. Be3 Nxe2+ 14. Qxe2 Bxe3
15. Qxe3 Qd7 16. d4 a5 17. dxe5 dxe5 18. Qc3 axb4 19. axb4 Qd6 20. Rfc1 Rxa1
21. Rxa1 c6 22. Qc5 Qxc5 23. bxc5 Nd7 24. dxc6 bxc6 25. Ra6 1/2-1/2

[Event "British Columbia op"]
[Site "Richmond CAN"]
[Date "2019.02.18"]
[Round "5.8"]
[White "Tian, Sherry"]
[Black "Tang, Edward"]
[Result "1/2-1/2"]
[WhiteElo "2049"]
[BlackElo "2013"]
[PlyCount "105"]
[EventDate "2019.02.16"]
[EventType "swiss"]
[EventRounds "6"]
[EventCountry "CAN"]

1. d4 Nf6 2. Nf3 e6 3. g3 d5 4. Bg2 Be7 5. c4 O-O 6. O-O dxc4 7. Qc2 a6 8. Qxc4
b5 9. Qc2 Bb7 10. Bd2 Be4 11. Qc1 Bb7 12. Bf4 Bd6 13. Rd1 Nbd7 14. Ne5 Bxg2 15.
Kxg2 Bxe5 16. Bxe5 Rc8 17. Na3 Nd5 18. e4 N5b6 19. Bf4 f5 20. Qc6 fxe4 21.
Qxe6+ Kh8 22. Rac1 Re8 23. Qc6 Nb8 24. Qc2 Qd5 25. Be3 Qh5 26. Re1 Qf3+ 27. Kg1
Nd5 28. Qe2 Qf5 29. Nc2 Re6 30. a3 Nd7 31. Nb4 Nxb4 32. axb4 Nb6 33. Rc5 Nd5
34. Bf4 c6 35. Be5 Rf8 36. Rec1 Qg6 37. Qe1 h5 38. h4 Rf3 39. Kg2 Qg4 40. Rxd5
cxd5 41. Rc3 Re7 42. Qc1 Ref7 43. Rc2 Rd3 44. Qg5 Qxg5 45. hxg5 Kh7 46. Rc6 Rf5
47. g6+ Kg8 48. Rc8+ Rf8 49. Rc7 Rf6 50. Rc8+ Rf8 51. Rc7 Rf6 52. Rc8+ Rf8 53.
Rc7 1/2-1/2

[Event "British Columbia op"]
[Site "Richmond CAN"]
[Date "2019.02.18"]
[Round "5.9"]
[White "Li, Kevin"]
[Black "Ferguson, Peter"]
[Result "1/2-1/2"]
[WhiteElo "1917"]
[BlackElo "2022"]
[PlyCount "55"]
[EventDate "2019.02.16"]
[EventType "swiss"]
[EventRounds "6"]
[EventCountry "CAN"]

1. e4 e5 2. Nf3 Nc6 3. Bc4 Nf6 4. d3 Bc5 5. c3 d6 6. Nbd2 a6 7. Bb3 Bg4 8. Nf1
d5 9. Ng3 h6 10. O-O O-O 11. Re1 dxe4 12. dxe4 Qe7 13. h3 Rad8 14. Qe2 Be6 15.
Bxe6 fxe6 16. b4 Bb6 17. Be3 Bxe3 18. fxe3 g5 19. b5 g4 20. Nh4 axb5 21. Ng6
Qg7 22. Nxf8 gxh3 23. Nxe6 Qxg3 24. Qf3 Qxf3 25. gxf3 Rd2 26. Kh1 h2 27. Red1
Rc2 28. Rdc1 1/2-1/2

[Event "British Columbia op"]
[Site "Richmond CAN"]
[Date "2019.02.18"]
[Round "5.10"]
[White "Salcedo, Daniel E"]
[Black "Zheng, Victor"]
[Result "1-0"]
[WhiteElo "2016"]
[BlackElo "1951"]
[PlyCount "66"]
[EventDate "2019.02.16"]
[EventType "swiss"]
[EventRounds "6"]
[EventCountry "CAN"]

1. d4 Nf6 2. c4 g6 3. Nc3 Bg7 4. e4 d6 5. Be2 O-O 6. Bg5 Nc6 7. f4 Nd7 8. Nf3
f6 9. Bh4 e5 10. fxe5 dxe5 11. d5 Ne7 12. O-O a5 13. a3 b6 14. b4 axb4 15. axb4
Rxa1 16. Qxa1 f5 17. Qa7 Bf6 18. Ng5 Bxg5 19. Bxg5 Nf6 20. Nb5 Nxe4 21. Bh6 Rf6
22. Bd3 g5 23. Bxe4 Rxh6 24. Bc2 e4 25. Qxc7 Qxc7 26. Nxc7 e3 27. c5 bxc5 28.
bxc5 Ba6 29. Re1 Bb7 30. Rxe3 Nxd5 31. Bb3 f4 32. Re5 Kf8 33. Bxd5 Bc8 1-0

[Event "British Columbia op"]
[Site "Richmond CAN"]
[Date "2019.02.18"]
[Round "6.1"]
[White "Sohal, Tanraj"]
[Black "Morozov, Grigory"]
[Result "1-0"]
[WhiteElo "2370"]
[BlackElo "2377"]
[PlyCount "125"]
[EventDate "2019.02.16"]
[EventType "swiss"]
[EventRounds "6"]
[EventCountry "CAN"]

1. d4 d5 2. c4 e6 3. Nc3 c6 4. Qb3 Nf6 5. Nf3 dxc4 6. Qxc4 b5 7. Qd3 a6 8. e4
Nbd7 9. e5 Nd5 10. Nxd5 cxd5 11. Be2 Be7 12. O-O Nb6 13. Ne1 f5 14. exf6 Bxf6
15. Bf4 O-O 16. Nf3 Nc4 17. b3 Nd6 18. Rac1 b4 19. Ne5 a5 20. Qh3 Nf5 21. Bd3
Ba6 22. Bxf5 exf5 23. Rfe1 g6 24. Nc6 Qd7 25. Be5 Rac8 26. Bxf6 Rxc6 27. Be5
Rxc1 28. Rxc1 Rc8 29. Re1 Qe7 30. Qh6 Bb5 31. h4 Be8 32. Kh2 Qf8 33. Qf4 Qe7
34. Re3 Rc6 35. Rg3 Rc3 36. f3 Rc6 37. h5 Qf7 38. hxg6 Rxg6 39. Rh3 Bb5 40. Qh4
Qd7 41. Rg3 Rxg3 42. Qxg3+ Kf8 43. Qg5 a4 44. Qf6+ Ke8 45. Qh8+ Ke7 46. Qxh7+
Ke8 47. Qg8+ Ke7 48. Qh7+ Ke8 49. Qh8+ Ke7 50. Qf6+ Ke8 51. Bd6 Qf7 52. Qh8+
Kd7 53. Qb8 axb3 54. Qxb5+ Kxd6 55. Qb6+ Kd7 56. Qb7+ Ke6 57. Qxf7+ Kxf7 58.
axb3 Kg6 59. f4 Kh6 60. Kh3 Kh5 61. g4+ Kg6 62. Kh4 Kf6 63. Kh5 1-0

[Event "British Columbia op"]
[Site "Richmond CAN"]
[Date "2019.02.18"]
[Round "6.2"]
[White "Kenney, Jason"]
[Black "Kaufman, Raymond"]
[Result "1/2-1/2"]
[WhiteElo "2253"]
[BlackElo "2356"]
[PlyCount "79"]
[EventDate "2019.02.16"]
[EventType "swiss"]
[EventRounds "6"]
[EventCountry "CAN"]

1. e4 e5 2. Nf3 Nc6 3. Bc4 Bc5 4. d3 Nf6 5. a4 a5 6. O-O O-O 7. c3 d5 8. exd5
Nxd5 9. Nbd2 Bg4 10. h3 Bh5 11. Re1 Nb6 12. Bb5 Bd6 13. Bxc6 bxc6 14. Ne4 Re8
15. Ng3 Bg6 16. Bg5 f6 17. Be3 Nd5 18. Nh4 Qd7 19. Nxg6 hxg6 20. Bd2 f5 21. Nf1
Rab8 22. Qc2 Qf7 23. Nh2 Nf6 24. Nf3 Qb3 25. Qxb3+ Rxb3 26. Bc1 e4 27. Nd2 Rbb8
28. dxe4 Nxe4 29. Nc4 Nc5 30. Rxe8+ Rxe8 31. Be3 Nb3 32. Rd1 Bf8 33. g3 Re4 34.
Nd2 Nxd2 35. Rxd2 Bd6 36. Rd4 Rxd4 37. Bxd4 c5 38. Be3 c4 39. Kg2 Kf7 40. Kf3
1/2-1/2

[Event "British Columbia op"]
[Site "Richmond CAN"]
[Date "2019.02.18"]
[Round "6.3"]
[White "Hemstapat, Andrew"]
[Black "Sali, Zulfikar"]
[Result "0-1"]
[WhiteElo "2208"]
[BlackElo "2308"]
[PlyCount "98"]
[EventDate "2019.02.16"]
[EventType "swiss"]
[EventRounds "6"]
[EventCountry "CAN"]

1. e4 c5 2. Nf3 d6 3. d4 cxd4 4. Nxd4 Nf6 5. Nc3 a6 6. Bg5 e6 7. f4 Nbd7 8. Qf3
Qc7 9. O-O-O b5 10. Bd3 Bb7 11. a3 Be7 12. Rhe1 Qb6 13. Nb3 h6 14. Bh4 Rc8 15.
Bf2 Qc7 16. Kb1 Nc5 17. Qg3 O-O 18. Bd4 Nxd3 19. cxd3 Nh5 20. Qg4 Nf6 21. Qg3
Nh5 22. Qf3 Nf6 23. Rc1 Qb8 24. g4 e5 25. Bf2 exf4 26. h4 Nd7 27. d4 f5 28. Nd5
Rxc1+ 29. Nxc1 Bxd5 30. exd5 Qd8 31. gxf5 Rxf5 32. Qg4 Rf7 33. Nd3 Bf8 34. Re6
Nf6 35. Qg2 Qa5 36. Nxf4 Qd2 37. Nh3 Qd3+ 38. Ka1 b4 39. axb4 a5 40. bxa5 Qd1+
41. Ka2 Qa4+ 42. Kb1 Qxa5 43. Be1 Qa4 44. Qd2 Nxd5 45. Nf2 Ra7 46. Rg6 Qa2+ 47.
Kc1 Rc7+ 48. Kd1 Qb3+ 49. Ke2 Rc2 0-1

[Event "British Columbia op"]
[Site "Richmond CAN"]
[Date "2019.02.18"]
[Round "6.4"]
[White "Nyamdorj, Davaa-Ochir"]
[Black "Lehingrat, Callum"]
[Result "1-0"]
[WhiteElo "2282"]
[BlackElo "2016"]
[PlyCount "37"]
[EventDate "2019.02.16"]
[EventType "swiss"]
[EventRounds "6"]
[EventCountry "CAN"]

1. e4 c5 2. Nf3 d6 3. Bb5+ Nd7 4. c3 Ngf6 5. Qe2 a6 6. Ba4 b5 7. Bc2 Bb7 8. d4
Qc7 9. O-O Rc8 10. a4 cxd4 11. axb5 dxc3 12. bxa6 Ra8 13. Nxc3 Nc5 14. a7 e6
15. b4 Ncd7 16. Nb5 Qd8 17. Rd1 Nb6 18. Bf4 d5 19. Bc7 1-0